Trendy hospodárskeho a sociálneho rozvoja v krajinách EÚ medzinárodná vedecká konferencia

Na minha lista:
Detalhes bibliográficos
Autor Corporativo: Fakulta sociálno-ekonomických vzťahov Trenčianskej univerzity Alexandra Dubčeka v Trenčíne. Katedra mikro a makroekonómie
Formato: Livro
Idioma:eslovaco
tcheco
inglês
Publicado em: Trenčín Trenčianska univerzita Alexandra Dubčeka v Trenčíne 2005
Assuntos:
Tags: Adicionar Tag
Sem tags, seja o primeiro a adicionar uma tag!

MARC

LEADER 00000nlm$a2200000$$$4500
001 0060888
005 20251007125216.4
020 |a 80-8075-094-7 
041 0 |a slo 
041 0 |a cze 
041 0 |a eng 
044 |a SK 
245 1 0 |a Trendy hospodárskeho a sociálneho rozvoja v krajinách EÚ  |b medzinárodná vedecká konferencia 
264 1 |a Trenčín  |b Trenčianska univerzita Alexandra Dubčeka v Trenčíne  |c 2005 
300 |a CD-ROM 
610 2 0 |a rozvoj hospodársky 
610 2 0 |a rozvoj sociálny 
610 2 0 |a Európska únia 
710 2 |a Fakulta sociálno-ekonomických vzťahov Trenčianskej univerzity Alexandra Dubčeka v Trenčíne. Katedra mikro a makroekonómie